000
00283nam a22001337a 4500
008
170612b xxu||||| |||| 00| 0 eng d
020
_a
0393054691
041
_a
eng
080
_a
94
100
_a
17
101
_a
SHH
245
_a
INDIA'S DEMOCRACY
_c
HANSON,A.H
942
_2
udc
_c
BK
999
_c
17000
_d
17000